• 首页
  • 本馆介绍
  • 公告通知
  • 最新文献
  • 馆藏检索
  • 电子资源
  • 读者导购
  • 参考咨询
  • 我的图书馆
  • 登录
  • 详细信息显示
  • 放入我的书架
  • 预约/预借图书
  • 作者相关作品
  • 分类相关作品
  • 丛书相关作品
  • 出版社相关作品

书目信息

  • 表格格式
  • 工作单格式
  • 卡片格式
题名:
歌德谈话录
    
 
作者: 爱克曼 辑录 ;吴象婴 译
分册:  
出版信息: 上海   上海社会科学院出版社  2001
页数: 578页
开本: 21cm
丛书名:
单 册:
中图分类: I516.6
科图分类:
主题词:
电子资源:
ISBN: 7-80618-878-9
000 00893nam0 2200265 45
001 012002028047
005 20031219104122.6
010    @a7-80618-878-9@dCNY28.00
100    @a20011024d2001 em y0chiy0110 ea
101 1  @achi@cger
102    @aCN@b310000
105    @ay z 000yb
106    @ar
200 1  @a歌德谈话录@9ge de tan hua lu@e全译本@f(德)爱克曼辑录@g吴象婴等译
210    @a上海@c上海社会科学院出版社@d2001
215    @a578页@d21cm
330    @a本书主要记录的是歌德的谈话,谈话内容涉及到哲学、美学、文艺创作实践、文艺理论以及当时欧洲的文化动态等许多方面。
510 1  @aGoethe@zger
600  1 @a歌德@c(Goethe, J.W.Von@f1749~1832)@x语录
600  1 @a歌德@c(Goethe, J.W.Von@f1749~1832)@x生平事迹
690    @aI516.6@v4
701  1 @a爱克曼@9ai ke man@4辑录
702  0 @a吴象婴@9wu xiang ying@4译
801    @aCN@bTSTC@c20031209
905    @b329908-910@dI516.6@e13-3@f3
    
    歌德谈话录:全译本/(德)爱克曼辑录/吴象婴等译.-上海:上海社会科学院出版社,2001
    578页;21cm
    
    
    ISBN 7-80618-878-9:CNY28.00
    本书主要记录的是歌德的谈话,谈话内容涉及到哲学、美学、文艺创作实践、文艺理论以及当时欧洲的文化动态等许多方面。
●
相关链接 在E读中查询图书 在五车中查询图书 在当当中查询图书 在豆瓣中查询图书


正题名:歌德谈话录     索取号:I516.6/13-3         预约/预借

序号 登录号 条形码 馆藏地/架位号 状态 备注
1 0329908   203299082   第二借阅区/ [索取号:I516.6/13-3] 在馆    
2 0329909   203299091   第二借阅区/ [索取号:I516.6/13-3] 在馆    
3 0329910   203299108   第一样本阅览室/ [索取号:I516.6/13-3] 在馆    
唐山师范学院图书馆 欢迎您!
大连网信软件有限公司© 版权所有